00854nam a2200217 a 450000100100000000500170001000800410002702000150006804000250008308200130010810000270012124501380014826000390028630000280032549000290035350400300038271000600041283000360047295201110050899900170061900004136520201002034827.0131001s1994 sp a 000 0 spa d a8477841373 aDO-SdBNPbspacBNPHU axxxbxxx1 aSantonja, Pedro96801513aEl "Eusebio" de montengón y el "Emilio" de Rousseau el contexto histórico :b(trabajo de literatura comparada) /cPedro Santonja. aAlicante, España :bCSIC,c1994. a418 p. :bil. ;c21 cm.1 aEnsayo e investigación aBibliografía p: 385-4182 aConsejo Superior de Investigaciones Científicas94786 0aEnsayo e investigación968016 001050718MOaGRbGRcCTd2013-10-01iLF1l0oxxx xxxp41365-10r2020-06-25w2020-06-25y1ZNo se presta c40855d40855